| 000 | 01553cam a22003735i 4500 | ||
|---|---|---|---|
| 999 |
_c28469 _d28440 |
||
| 001 | 18193503 | ||
| 003 | EG-ScBUE | ||
| 005 | 20200805114234.0 | ||
| 008 | 140619t20162016maua f b 001 0 eng d | ||
| 020 | _a9781285858227 (pbk.) | ||
| 020 | _a1285858220 (pbk.) | ||
| 035 | _a(OCoLC)ocn898154372 | ||
| 040 |
_aUKMGB _beng _erda _cUKMGB _dOCLCO _dNKM _dYDXCP _dBTCTA _dOCLCF _dIAK _dUBY _dORU _dDLC _dEG-ScBUE |
||
| 082 | 0 | 4 |
_a745.4 _bPEN _222 |
| 100 | 1 |
_aPentak, Stephen, _eauthor. _941427 |
|
| 245 | 1 | 0 |
_aDesign basics / _cStephen Pentak, Professor emeritus, The Ohio State University, David A. Lauer. |
| 250 | _aNinth edition. | ||
| 264 | 1 |
_aBoston, MA : _bCengage Learning, _c[2016] |
|
| 264 | 4 | _cc2016 | |
| 300 |
_axi, 308 pages : _billustrations (chiefly color) ; _c28 cm |
||
| 336 |
_atext _btxt _2rdacontent |
||
| 336 |
_astill image _btxt _2rdacontent |
||
| 337 |
_aunmediated _bn _2rdamedia |
||
| 338 |
_avolume _bnc _2rdacarrier |
||
| 500 | _aLauer's name appears first on the earlier editions. | ||
| 500 | _aPrevious edition: Belmont, California: Wadsworth, 2012. | ||
| 504 | _aIncludes bibliographical references and index. | ||
| 505 | 0 | _aPart 1. Design principles. Design process ; Unity ; Emphasis and focal point ; Scale and proportion ; Balance ; Rhythm -- Part 2. Design elements. Line ; Shape ; Pattern and texture ; Illusion of space ; Illusion of motion ; Value ; Color -- Glossary. | |
| 650 | 0 | _aDesign. | |
| 653 |
_bCOMAME _cJuly2020 |
||
| 655 |
_vReading book _934232 |
||
| 700 | 1 |
_aLauer, David A., _eauthor. |
|
| 942 |
_2ddc _cBB |
||